000 00767nam a2200193 a 4500
001 000033156
005 20200930070050.0
008 110818s1944 dr ac r 000 0 spa d
040 _aDO-SdBNP
_bspa
_cBNPHU
082 _aR 380.10257293
_bD598c
245 0 0 _aDirectorio de las actividades económicas del país :
_bindustria, comercio, profesiones.
260 _aCiudad Trujillo, República Dominicana :
_b[s.n.],
_c1944.
300 _a287 p.
_ail., retrs. ;
_c22 cm.
504 _aIncluye referencias bibliográficas y notas al pie de las páginas.
590 _aInventariado, 2018/BT
651 4 _aRepública Dominicana
_xComercio
_vDIRECTORIOS
_935384
651 4 _aRepública Dominicana
_xIndustrias
_vDIRECTORIOS
_935383
910 _aValidado. Control de calidad MFF
999 _c32647
_d32647